[Event "Oberliga Wuerttemberg 2324"]
[Site "Wuerttemberg"]
[Date "2024.03.03"]
[Round "7.4"]
[White "Guess, Cornel Andreas"]
[Black "Danada, Tomas"]
[Result "0-1"]
[WhiteElo "1862"]
[BlackElo "2210"]
[PlyCount "92"]
[EventDate "2023.09.17"]
[EventType "team-tourn"]
[EventRounds "9"]
[EventCountry "GER"]
[SourceTitle "EXT 2025"]
[Source "ChessBase"]
[SourceDate "2024.10.14"]
[SourceVersion "1"]
[SourceVersionDate "2024.10.14"]
[SourceQuality "1"]
[WhiteTeam "Pfullingen"]
[BlackTeam "Schwaebisch Hall"]
[WhiteTeamCountry "GER"]
[BlackTeamCountry "GER"]

1. d4 Nf6 2. c4 e6 3. Nc3 Bb4 4. a3 Bxc3+ 5. bxc3 c5 6. f3 0-0 7. e4 d6 8. Bd3 Nbd7 9. Ne2 Qc7 10. 0-0 e5 11. f4 exd4 12. Bb2 Re8 13. Ng3 b5 14. cxd4 bxc4 15. Bxc4 Nb6 16. Be2 Bb7 17. e5 Ne4 18. Nxe4 Bxe4 19. dxc5 dxc5 20. Qe1 Qb7 21. Bf3 Bxf3 22. Rxf3 Na4 23. Bc3 Rad8 24. Ba5 Rd4 25. Rd1 Qd5 26. Rxd4 Qxd4+ 27. Qe3 Qd1+ 28. Rf1 Qd5 29. Rb1 f6 30. Bc7 Nb6 31. Rb5 Qd1+ 32. Kf2 Nd5 33. Qxc5 Qd2+ 34. Kf3 Qxf4+ 35. Ke2 Nxc7 36. Qxc7 Rxe5+ 37. Rxe5 Qxe5+ 38. Qxe5 fxe5 39. Ke3 Kf7 40. Ke4 Ke6 41. a4 a5 42. g4 g5 43. h3 h6 44. Ke3 Kd5 45. Kd3 e4+ 46. Kc3 Kc5 0-1

[Event "Oberliga Wuerttemberg 2324"]
[Site "Wuerttemberg"]
[Date "2023.11.05"]
[Round "3.6"]
[White "Schroeter, Samuel"]
[Black "Guess, Cornel Andreas"]
[Result "1/2-1/2"]
[WhiteElo "2133"]
[BlackElo "1862"]
[PlyCount "105"]
[EventDate "2023.09.17"]
[EventType "team-tourn"]
[EventRounds "9"]
[EventCountry "GER"]
[SourceTitle "EXT 2025"]
[Source "ChessBase"]
[SourceDate "2024.10.14"]
[SourceVersion "1"]
[SourceVersionDate "2024.10.14"]
[SourceQuality "1"]
[WhiteTeam "Boeblingen"]
[BlackTeam "Pfullingen"]
[WhiteTeamCountry "GER"]
[BlackTeamCountry "GER"]

1. d4 d5 2. c4 e6 3. Nf3 c5 4. cxd5 exd5 5. Nc3 Nf6 6. Bg5 Be6 7. e4 dxe4 8. Nxe4 Nbd7 9. Qa4 Be7 10. Bxf6 gxf6 11. Rd1 0-0 12. Be2 Nb6 13. Qc2 cxd4 14. Nxd4 Rc8 15. Qb1 Qd5 16. Nxe6 Bb4+ 17. Kf1 Qxe6 18. g3 Qh3+ 19. Kg1 Kg7 20. Rd4 Be7 21. Nc3 f5 22. Rf4 Rc5 23. Bd3 Rd8 24. Bxf5 Qh6 25. Qe4 Bf6 26. Rg4+ Kf8 27. Kg2 Rd4 28. Qf3 Rxg4 29. Bxg4 Bxc3 30. bxc3 Qc6 31. Qxc6 Rxc6 32. Rc1 Na4 33. c4 b5 34. Bd7 Rc7 35. Bxb5 Nc5 36. Re1 a6 37. Be8 Rc8 38. Re5 f6 39. Rf5 Kxe8 40. Rxf6 a5 41. g4 Nd7 42. Rh6 Rxc4 43. Kg3 Nf8 44. h4 Ra4 45. h5 Rxa2 46. g5 Ra1 47. f4 a4 48. Ra6 a3 49. Kg2 Kf7 50. f5 Ra2+ 51. Kg3 Ra1 52. Kg2 Ra2+ 53. Kg3 1/2-1/2